Quizz Culture générale autour du mot "BANC" - Statistiques

Statistiques générales
  • Ce quiz a été pris 23 fois
  • Le résultat moyen est 14 sur 30
Statistiques - réponses
Question Réponse % Correct
Les bancs champignons se trouvent généralement à Paris autour des arbres
100%
Quel poisson vit en banc ? la sardine
100%
Un banc de neige est aussi appelé congère
67%
Bruno Podalydès a réalisé Banc publics (Versailles Rive-Droite) avec dans le rôle principal Denis Podalydès
67%
Le verrier utilise un banc de verrier pour donner une forme au verre
67%
Qui a chanté et créé Les amoureux des bancs publics ? Georges Brassens
67%
Qui a écrit Maigret et l'homme du banc ? Georges Simenon
67%
Qui a fondé le premier groupe industriel français spécialisé dans le "mobilier urbain" ? Jean-Claude Decaux
67%
Quel professionnel utilise un banc d'âne ? le menuisier
67%
Le banc de Camden a été conçu pour éviter plusieurs choses, mais une demeure possible... les utiliser comme barrage urbain
67%
Au Moyen-âge le banc est le seul siège commun en Europe avec... le tabouret
67%
Comment dit-on "banc" en italien ? panca
67%
En 1971 la française Séverine interprète à l'Eurovision, Un banc, un arbre, une rue
67%
Quel peintre, qui y a été interné, a peint Banc de pierre du jardin de l'hôpital St Paul ? Vincent Van Gogh
67%
Le banc parisien traditionnel en bois et fonte pèse 124 kg
33%
Un banc-titre est un instrument utilisé dans le domaine de/du cinéma
33%
Dans les sports collectifs, on peut purger une sanction sur le banc de pénalité
33%
Le Banc d'Arguin se trouve... en Gironde
33%
Qui a écrit : "Je n'sais pas depuis combien de temps je suis assis sur ce banc Une bonne heure ou vingt minutes, le spectacle est absorbant" Grand Corps malade
33%
Banc d'essai est une bande dessinée humoristique
33%
Les bancs se multiplient dans les rues parisiennes au XIXe en même temps que trois autres équipements, quel est l'intrus ? les édicules de métro
33%
On peut encore voir en Alsace quelques bancs à étage qui étaient utilisés par les paysans venant vendre leur production
33%
Banc de registres est un terme de l'informatique
33%
Quel acteur joue le rôle principal dans Sur le banc de Robert Vernay en 1954 ? Raymond Souplex
33%
Le banc d'Hippocrate était autrefois utilisé pour réduire les fractures
33%
En géologie, on peut "traduire" banc par strate
33%
A qui était réservé autrefois le banc d'oeuvre des églises ? aux notables
0%
Qui ne peut se trouver rassemblés sur un banc ? des bouchers
0%
Comment se nomme le banc parisien traditionnel dont près de 8500 ont été installés en 1869 ? le banc Davioud
0%
Depuis quand installe-t-on des bancs dans les églises, quand la paroisse en a les moyens ? le XVIe siècle
0%
Aucun quiz correspondant
Distribution des résultats
% des personnes avec chaque résultat
Percentile par nombre de réponses
Votre historique - résultats
Vous n’avez pas pris ce quiz